Hodnotenie inovačnej výkonnosti Slovenska v kontexte Európskej únie

Analýza inovačnej výkonnosti Slovenska v porovnaní s priemerom EÚ v roku 2014 a v roku 2008. Špecifikácia silných a slabých stránok inovačnej výkonnosti Slovenska, ich dynamika v sledovanom období.

Saved in:
Bibliographic Details
Main Author: Knošková, Ľubica, 1965-
Other Authors: Dudeková, Alena, 1986-
Format: Book Chapter
Language:Slovak
Subjects:
Tags: Add Tag
No Tags, Be the first to tag this record!

MARC

LEADER 00000naa$a2200000$$$4500
001 0206870
005 20240502073432.6
041 0 |a slo 
044 |a SK 
245 1 0 |a Hodnotenie inovačnej výkonnosti Slovenska v kontexte Európskej únie  |c Ľubica Knošková, Alena Ďubeková 
520 |a Analýza inovačnej výkonnosti Slovenska v porovnaní s priemerom EÚ v roku 2014 a v roku 2008. Špecifikácia silných a slabých stránok inovačnej výkonnosti Slovenska, ich dynamika v sledovanom období. 
610 2 0 |a Európska únia 
610 2 0 |a konkurencieschopnosť 
610 2 0 |a Slovensko 
610 2 0 |a porovnanie medzinárodné 
610 2 0 |a výkonnosť inovačná 
100 1 |a Knošková, Ľubica, 1965- 
700 1 |a Dudeková, Alena, 1986-